000 00419nam a2200169Ia 4500
008 090711s9999 xx 000 0 und d
082 _b78638
100 _aपै शिरीष
245 _aसय
260 _bदिलिप प्रकाशन
_c1996
300 _a176
600 _aपै शिरीष
630 _aसय
700 _aपै शिरीष
730 _aसय
942 _cBOOK
999 _c292630
_d292630